| 000 | 00972nas a2200325 4500 | ||
|---|---|---|---|
| 001 | BR2013006254 | ||
| 003 | BR-BrBNA | ||
| 005 | 20231205122752.0 | ||
| 007 | ta | ||
| 008 | 230509b bl.|||p| |||| 00| 00por d | ||
| 040 |
_aBR-BrBNA _bpor _cBiblioteca Nacional de Agricultura |
||
| 041 | _a(En) | ||
| 072 | _aL01; L20 | ||
| 100 | 1 | _aMoretti, T. de C. | |
| 100 | 1 | _aAllegretti, S.M. | |
| 100 | 1 | _aMello-Patiu, C.A. | |
| 100 | 1 | _aTognolo, A.M. | |
| 100 | 1 | _aRibeiro, O.B. | |
| 100 | 1 | _aSolis, D.R. | |
| 245 | 1 | _aOccurrence of Microcerella halli (Engel)(Diptera, Sarcophagidae)in snake carrion in southeastetern Brazil | |
| 650 | _aCARCAÇA | ||
| 650 | _aREPTIL | ||
| 650 | _aCOBRA | ||
| 650 | _aCOLONIZAÇÃO | ||
| 650 | _aMOSCA | ||
| 650 | _aENTOMOLOGIA | ||
| 773 | 0 |
_tRevista Brasileira de Entomologia (Brazil) _xISSN 0085-5626 _g(Apr-Jun 2009), v. 53(2) p. 318-320 _wBR2013006254 |
|
| 909 |
_a202311 _bLúcia _c55 _dLúcia Elande |
||
| 942 |
_2AGRIS _n0 _cANA |
||
| 999 |
_c230457 _d230457 |
||